Conquista dela Nueva España (Record no. 10912)

MARC details
000 -CABECERA
campo de control de longitud fija 01025nam a22002657a 4500
001 - NÚMERO DE CONTROL
campo de control BRCA_9292
003 - IDENTIFICADOR DEL NÚMERO DE CONTROL
campo de control FranzMayer
005 - FECHA Y HORA DE LA ÚLTIMA TRANSACCIÓN
campo de control 20230724130444.0
008 - DATOS DE LONGITUD FIJA--INFORMACIÓN GENERAL
campo de control de longitud fija 230724b |||||||| |||| 00| 0 eng d
040 ## - FUENTE DE LA CATALOGACIÓN
Centro catalogador/agencia de origen MFM
Lengua de catalogación esp
Centro/agencia transcriptor MFM
050 #4 - SIGNATURA TOPOGRÁFICA DE LA BIBLIOTECA DEL CONGRESO
Número de clasificación LM33
Número de documento/Ítem Z36 1688
082 ## - NÚMERO DE LA CLASIFICACIÓN DECIMAL DEWEY
Número de edición F1231
100 1# - ENTRADA PRINCIPAL--NOMBRE DE PERSONA
Código de función/relación Responsable
Nombre de persona Sarmiento de Mendoza, Manuel
9 (RLIN) 28953
240 1# - TÍTULO UNIFORME
Título uniforme Conquista de la Nueva España
Lenguaje de la obra español
245 0# - MENCIÓN DE TÍTULO
Título Conquista dela Nueva España
260 ## - PUBLICACIÓN, DISTRIBUCIÓN, ETC.
Lugar de publicación, distribución, etc. México
Fecha de publicación, distribución, etc. 1688
300 ## - DESCRIPCIÓN FÍSICA
Extensión 548 p
Dimensiones 28 cm
500 ## - NOTA GENERAL
Nota general El libro fue dañado y reparado, por lo que contienen pedazos de hojas que no pertenecen al mismo
500 ## - NOTA GENERAL
Nota general En varias hojas del libro, presenta anotaciones con lápiz o tinta
500 ## - NOTA GENERAL
Nota general Al libro le faltan partes como la carátula u otros elementos
505 ## - NOTA DE CONTENIDO CON FORMATO
Nota de contenido con formato Texto en: españolDirigido a: Historiadores, sociólogos, antropólogos
630 1# - PUNTO DE ACCESO ADICIONAL DE MATERIA--TÍTULO UNIFORME
Título uniforme España
Lenguaje de la obra Latinoamerica
Título de la obra Nueva España
9 (RLIN) 28954
648 2# - PUNTO DE ACCESO ADICIONAL DE MATERIA--TÉRMINO CRONOLÓGICO
Fuente del encabezamiento o término Virreinato español
Término cronológico Conquista de Latinoamérica
Subdivisión de forma 1535-1810
9 (RLIN) 28955
942 ## - ELEMENTOS DE PUNTO DE ACCESO ADICIONAL (KOHA)
Fuente del sistema de clasificación o colocación Library of Congress Classification
Tipo de ítem Koha Libros
Holdings
Estado de retiro Estado de pérdida Fuente del sistema de clasificación o colocación Estado dañado No para préstamo Código de colección Localización permanente Ubicación/localización actual Fecha de adquisición Fuente de adquisición Total de préstamos Signatura topográfica completa Código de barras Fecha visto por última vez Precio válido a partir de Tipo de ítem Koha
El ejemplar forma parte de la colección y puede ser consultado según las políticas vigentes.   Library of Congress Classification     Conventual Franz Mayer Biblioteca del Museo Franz Mayer (Rogerio Casas-Alatriste) Biblioteca del Museo Franz Mayer (Rogerio Casas-Alatriste) 24/07/2023 Donación   LM33 Z36 1688 CFM00528 24/07/2023 24/07/2023 Libros